000 00689nam a2200217 a 4500
001 21571
003 CO-ViMGA
008 141112s2004 ck r 000 u spa d
020 _a842613324X
040 _aCO-ViMGA
_bspa
_cCO-ViMGA
082 0 4 _aGUTc
100 1 _aGutman, Anne; Hallensleben, Georg
245 1 0 _aLos colores
260 _aBarcelona :
_bJuventud,
_c2003
300 _a14
590 _aForma de adquisición : Donación fact. 8849 - - Precio : 22000 - - Proveedor : Fundación exito - - Fecha de adquisición : Junio 2007
650 1 4 _aALBUMES INFANTILES
_92002
650 1 4 _aCUENTOS INFANTILES
_92743
650 1 4 _aLIBROS ILUSTRADOS PARA NIÑOS
_92001
942 _2ddc
_cBK
999 _c12208
_d12208